| 000 | 01225nam a22002537a 4500 | ||
|---|---|---|---|
| 005 | 20170124103124.0 | ||
| 010 | _aA-767235 | ||
| 020 |
_c300.00 _a817119224 |
||
| 035 | _aA-767235 | ||
| 037 | _bCen Lib / Ret | ||
| 040 |
_aDPL _bHN |
||
| 082 |
_a390.095413 _bगुप्तन |
||
| 100 |
_aगुप्त, नर्मदा प्रसाद _982620 |
||
| 245 |
_aबुंदेलखंड की लोकसंस्कृति का इतिहास / _cनर्मदा प्रसाद गुप्त |
||
| 246 |
_aBudelkhand ki lok sanskriti ka itihas / _bby Narmada Prasad Gupt |
||
| 260 |
_aनयी दिल्ली _bराधाकृष्ण प्रकाशन _c1995 |
||
| 270 |
_bनयी दिल्ली _a2/38, अंसारी रोड, दरियागंज _e110002 |
||
| 300 |
_a474पृ. _c20सेमी (सजिल्द) |
||
| 650 |
_aलोकसंस्कृति--बुंदेलखंड _982621 |
||
| 650 |
_aलोकोत्सव--बुंदेलखंड _93419 |
||
| 650 |
_aPopular culture - Bundelkhand _982622 |
||
| 650 |
_aLokotsv - Bundelkhand _982623 |
||
| 942 |
_2ddc _cHN _h390.095413 _mगुप्तन |
||
| 999 |
_c118942 _d118942 |
||